Music Quiz

Random Music or Bands Quiz

Girlbands (slideshow) Quiz Stats

Quiz not verified by Sporcle

Also try: Boy Bands
Challenge
Share
Tweet
Score 0/30 Timer 14:00
0 Plays Today
% Correct
Spice Girls
83.3%
Supremes
74.2%
The Pussycat Dolls
69.9%
TLC
66.3%
Destiny's Child
63.1%
Salt N Pepa
48.2%
Dixie Chicks
45.8%
The Bangles
44.6%
Little Mix
36.7%
The Go-Gos
36.5%
Atomic Kitten
35%
The Saturdays
34.1%
Girls Aloud
33.7%
T.A.T.U
31.2%
Pointer Sisters
30.4%
% Correct
En Vogue
29.2%
Sugababes
28.3%
Bananarama
27.2%
All-Saints
26.2%
Sister Sledge
22.2%
B Witched
21.4%
Indigo Girls
20.8%
Andrews Sisters
20.3%
Eternal
13.7%
Stooshe
9.7%
g.r.l
6.1%
Precious
2.1%
Dolly Mixture
1.6%
KSM
1.3%
FiNix
0.2%

You're not logged in!

Compare scores with friends on all Sporcle quizzes.
Sign Up with Email
OR
Log In

You Might Also Like...

Show Comments

Extras

Top Quizzes Today


Score Distribution

Your Account Isn't Verified!

In order to create a playlist on Sporcle, you need to verify the email address you used during registration. Go to your Sporcle Settings to finish the process.